000 01208nam a2200337 i 4500
001 192184
003 SpMaBN
005 20240208063124.0
008 221113s2017 sp a | |||| 000 0 spa
017 _aM 111-2017
_bOficina Depósito Legal Madrid
020 _a9788416690398
035 _a(OCoLC)992752548
040 _aSpMaBN
_bspa
_cSpMaBN
_erdc
080 _a233-852.5-583 Kundalini
100 1 _aLeppert, Kerstin,
_d1967-
_eaut
_9175810
245 1 0 _aMeditaciones instantáneas :
_bejercicios para situaciones cotidianas y de emergencia /
_cKerstin Leppert ; traducción, Marta Armengol Royo.
260 _aMadrid :
_bMaeva,
_c[2017]
300 _a125 páginas :
_bilustraciones (blanco y negro) ;
_c22 cm.
490 1 _aInspira
500 _aÍndice
504 _aBibliografía: páginas 124 -125
650 7 _aMeditación-
_xUso terapéutico.
_9175812
650 7 _aKundalini Yoga.
_914043
700 1 _9234956
_aArmengol Royo, Marta
_etrl
830 0 _aInspira
_9226108
852 4 _aES-MaACL
_jN-8130
_bR. 151881
_cDEPOJ
_hDonación: Editorial
_9199466
942 _cMONOGRAFIA
_n0
999 _c192184
_d192184